| 000 | 00590nam a2200193 i 4500 | ||
|---|---|---|---|
| 001 | 76234 | ||
| 003 | ES-MaACL | ||
| 005 | 20230906172750.0 | ||
| 007 | t| | ||
| 008 | 040930s1954 sp ||||1| spa d | ||
| 100 | 1 |
_aGuerrero Lovillo, José. _960576 |
|
| 245 | 1 | 3 |
_aLa catedral de Sevilla / _cpor José Guerrero Lovillo. |
| 260 |
_aBarcelona : _bJosé Mª Bosch, _c1954 ( _fVda. de Daniel Cochs) |
||
| 300 |
_a16 p., 48 lám. ; _c16 cm. |
||
| 490 | 1 | _aGuías de Arte Bosch | |
| 830 | 0 |
_aGuías de Arte Bosch _9231283 |
|
| 852 |
_aES-MaACL _j1975-F-8 _bR.36282 |
||
| 999 |
_c76234 _d76234 |
||